[Event "AUS-ch"]
[Site "Cammeray"]
[Date "2018.01.06"]
[Round "6"]
[White "Loh, Zachary"]
[Black "Guichard, Pauline"]
[Result "0-1"]
[WhiteElo "2193"]
[BlackElo "2269"]
[PlyCount "92"]
[EventDate "2018.01.02"]
[EventType "swiss"]
[EventRounds "11"]
[EventCountry "AUS"]
[SourceTitle "CBM 182 Extra"]
[Source "ChessBase"]
[SourceDate "2018.02.23"]
[SourceVersion "1"]
[SourceVersionDate "2018.02.23"]
[SourceQuality "1"]

1. e4 e5 2. Nf3 Nc6 3. d4 exd4 4. Nxd4 g6 5. Be3 Bg7 6. Nc3 Nf6 7. Nxc6 bxc6 8. e5 Ng8 9. f4 Ne7 10. Bc4 d5 11. exd6 cxd6 12. Bd4 0-0 13. Bxg7 Kxg7 14. Qd4+ f6 15. 0-0-0 d5 16. Bb3 Nf5 17. Qd2 Nd6 18. h3 Bf5 19. g4 Ne4 20. Qe3 Nxc3 21. Qxc3 Be4 22. Rhe1 Qc7 23. Rf1 Rad8 24. g5 Kg8 25. Rde1 f5 26. h4 c5 27. a3 c4 28. Ba2 Rb8 29. h5 gxh5 30. b3 Qc5 31. b4 Qc7 32. Qd4 Rfd8 33. c3 a5 34. Rxe4 fxe4 35. f5 Qb6 36. Qe5 Qe3+ 37. Kb2 Qe2+ 38. Ka1 Qxf1+ 39. Bb1 Rb6 40. Qe7 Rf8 41. Qc5 Qxf5 42. Qxb6 Qxg5 43. b5 Qf6 44. Qe3 Kh8 45. Bc2 Rb8 46. Qh3 Qf3 0-1

[Event "AUS-ch"]
[Site "Cammeray"]
[Date "2018.01.04"]
[Round "4"]
[White "Loh, Zachary"]
[Black "Morris, James"]
[Result "0-1"]
[WhiteElo "2193"]
[BlackElo "2477"]
[PlyCount "158"]
[EventDate "2018.01.02"]
[EventType "swiss"]
[EventRounds "11"]
[EventCountry "AUS"]
[SourceTitle "CBM 182 Extra"]
[Source "ChessBase"]
[SourceDate "2018.02.23"]
[SourceVersion "1"]
[SourceVersionDate "2018.02.23"]
[SourceQuality "1"]

1. e4 e5 2. Nf3 Nc6 3. d4 exd4 4. Nxd4 Nf6 5. Nxc6 bxc6 6. Bd3 d6 7. 0-0 g6 8. Bg5 Bg7 9. Nd2 h6 10. Bh4 0-0 11. c3 g5 12. Bg3 Rb8 13. Qc2 Nh5 14. Nc4 Nf4 15. Ne3 Nxd3 16. Qxd3 Rxb2 17. f4 Qf6 18. e5 dxe5 19. fxe5 Qd8 20. Qe4 Be6 21. Rad1 Rd2 22. h4 Rxd1 23. Rxd1 Qe7 24. Nf5 Bxf5 25. Qxf5 gxh4 26. Bf4 Qc5+ 27. Kh2 Qxc3 28. Rc1 Qd4 29. Rxc6 Qd5 30. Rxc7 Qxa2 31. Rc6 Qf2 32. Qg4 Kh8 33. Rc7 Qb6 34. e6 Qxe6 35. Qxh4 a6 36. Rc1 Re8 37. Rd1 Qg6 38. Rd6 Re6 39. Rd5 Qe4 40. Rd8+ Kh7 41. Rd7 Rg6 42. Bg3 Qxh4+ 43. Bxh4 Be5+ 44. Kg1 Kg7 45. Rd5 Bc7 46. Be1 Rc6 47. Kf2 Kg6 48. Bb4 h5 49. Kf3 f6 50. Rd7 Be5 51. Rd8 Rc4 52. Be1 Bf4 53. Rg8+ Kh7 54. Ra8 Ra4 55. Bh4 Bg5 56. Be1 Kg6 57. Ra7 Kf5 58. Rc7 Ra3+ 59. Ke2 h4 60. Rc4 h3 61. gxh3 Rxh3 62. Ra4 Re3+ 63. Kf2 Re6 64. Bc3 Rc6 65. Bd4 Ke6 66. Kf3 Kd5 67. Bf2 Bc1 68. Ra5+ Ke6 69. Bd4 Bd2 70. Ra2 Bb4 71. Rh2 a5 72. Bxf6 Kd5 73. Bb2 Re6 74. Re2 Rh6 75. Rc2 a4 76. Rc8 Rh3+ 77. Kg4 Rb3 78. Bf6 a3 79. Kf4 Bd6+ 0-1

[Event "Adelaide Lidums IM"]
[Site "Adelaide"]
[Date "2017.12.08"]
[Round "9"]
[White "Loh, Zachary"]
[Black "Rosen, Eric S"]
[Result "1-0"]
[WhiteElo "2218"]
[BlackElo "2379"]
[PlyCount "125"]
[EventDate "2017.12.02"]
[EventType "tourn"]
[EventRounds "9"]
[EventCountry "AUS"]
[EventCategory "1"]
[SourceTitle "CBM 182 Extra"]
[Source "ChessBase"]
[SourceDate "2018.02.23"]
[SourceVersion "1"]
[SourceVersionDate "2018.02.23"]
[SourceQuality "1"]

1. e4 c5 2. d4 cxd4 3. c3 dxc3 4. Nxc3 e6 5. Bc4 Nc6 6. Nf3 Qc7 7. 0-0 Nf6 8. Qe2 Ng4 9. Nb5 Qb8 10. e5 a6 11. Nd6+ Bxd6 12. exd6 Qxd6 13. Rd1 Qc7 14. h3 Nge5 15. Bf4 f6 16. Rac1 0-0 17. Bb3 d6 18. Nd4 Nxd4 19. Rxd4 Qe7 20. Rcd1 Rd8 21. Bc2 Nf7 22. Qd3 e5 23. Qxh7+ Kf8 24. Re4 d5 25. Re3 Be6 26. Rg3 g5 27. Bd2 Rac8 28. Bg6 Rc4 29. a3 Rh4 30. Bh5 Rxh5 31. Qxh5 Kg7 32. Bb4 Qd7 33. Qf3 d4 34. h4 g4 35. Qe2 Rh8 36. f4 exf4 37. Rc3 f3 38. Qf2 Rd8 39. Rcd3 Qc6 40. Rxd4 Rxd4 41. Qxd4 fxg2 42. Be7 Qf3 43. Re1 Ne5 44. Bxf6+ Qxf6 45. Qxe5 Kf7 46. Qxf6+ Kxf6 47. Kxg2 Bf5 48. Kg3 a5 49. b3 b5 50. b4 axb4 51. axb4 Bd7 52. Kf4 Bc8 53. Rc1 Bd7 54. Rc7 Be8 55. Kxg4 Ke6 56. Kg5 Kd6 57. Rc5 Ke6 58. h5 Kf7 59. Rc7+ Kg8 60. Rc8 Kf7 61. h6 Kg8 62. Rxe8+ Kh7 63. Re7+ 1-0

[Event "Adelaide Lidums IM"]
[Site "Adelaide"]
[Date "2017.12.07"]
[Round "8"]
[White "Brown, Andrew"]
[Black "Loh, Zachary"]
[Result "1-0"]
[WhiteElo "2319"]
[BlackElo "2218"]
[PlyCount "177"]
[EventDate "2017.12.02"]
[EventType "tourn"]
[EventRounds "9"]
[EventCountry "AUS"]
[EventCategory "1"]
[SourceTitle "CBM 182 Extra"]
[Source "ChessBase"]
[SourceDate "2018.02.23"]
[SourceVersion "1"]
[SourceVersionDate "2018.02.23"]
[SourceQuality "1"]

1. d4 Nf6 2. c4 c5 3. d5 b5 4. cxb5 a6 5. e3 g6 6. Nc3 Bg7 7. Nf3 0-0 8. a4 Bb7 9. bxa6 Nxa6 10. Bc4 e6 11. 0-0 Nb4 12. e4 exd5 13. exd5 d6 14. Bf4 Re8 15. Re1 Rxe1+ 16. Nxe1 Nh5 17. Be3 Qh4 18. Be2 Re8 19. a5 Nf4 20. Bxf4 Qxf4 21. a6 Ba8 22. Qa4 Re7 23. Nd3 Nxd3 24. Bxd3 Bd4 25. Qc2 f5 26. Bf1 Be5 27. g3 Qh6 28. Qb3 Qf8 29. Bg2 f4 30. Ne4 Bd4 31. Rf1 Re5 32. Nd2 fxg3 33. hxg3 Re2 34. Nf3 Rxb2 35. Qa3 Bf6 36. Ng5 Rb6 37. Ne6 Qe7 38. Qa5 Qa7 39. Qa4 Rb8 40. Re1 Qf7 41. Qf4 Be5 42. Qxf7+ Kxf7 43. a7 Rh8 44. Rb1 c4 45. f4 Bf6 46. g4 h6 47. Rb4 c3 48. Rc4 Re8 49. g5 hxg5 50. fxg5 Be5 51. Be4 Re7 52. Nd8+ Kg7 53. Rc7 Rxc7 54. Ne6+ Kf7 55. Nxc7 Bd4+ 56. Kf1 Bxa7 57. Nxa8 Be3 58. Nc7 Bxg5 59. Nb5 Kf6 60. Nxc3 Ke5 61. Bg2 Bf4 62. Nb5 g5 63. Ke2 Kf5 64. Nd4+ Kg4 65. Ne6 Be5 66. Be4 Bg3 67. Ke3 Be5 68. Bf3+ Kh4 69. Kf2 g4 70. Be4 Bh2 71. Kg2 Be5 72. Bc2 Kh5 73. Bd1 Kh4 74. Nd8 Kh5 75. Nc6 Bf4 76. Nd4 Be5 77. Nf5 Bf4 78. Be2 Kg5 79. Ng3 Be5 80. Ne4+ Kh4 81. Nf2 g3 82. Ne4 Bf4 83. Kf3 Be5 84. Bf1 g2 85. Bxg2 Bh2 86. Nd2 Bg1 87. Kf4 Bh2+ 88. Kf5 Kg3 89. Nf1+ 1-0

[Event "Adelaide Lidums IM"]
[Site "Adelaide"]
[Date "2017.12.05"]
[Round "5"]
[White "Wagdy, Andro"]
[Black "Loh, Zachary"]
[Result "1/2-1/2"]
[WhiteElo "2313"]
[BlackElo "2218"]
[PlyCount "116"]
[EventDate "2017.12.02"]
[EventType "tourn"]
[EventRounds "9"]
[EventCountry "AUS"]
[EventCategory "1"]
[SourceTitle "CBM 182 Extra"]
[Source "ChessBase"]
[SourceDate "2018.02.23"]
[SourceVersion "1"]
[SourceVersionDate "2018.02.23"]
[SourceQuality "1"]

1. c4 e5 2. Nc3 Nc6 3. g3 g6 4. Bg2 Bg7 5. e4 Nge7 6. Nge2 0-0 7. 0-0 d6 8. d3 f5 9. Be3 Nd4 10. Bg5 Ne6 11. Bxe7 Qxe7 12. exf5 gxf5 13. f4 c6 14. Qd2 Bh6 15. d4 exf4 16. Nxf4 Nxf4 17. gxf4 Bd7 18. Rae1 Qf6 19. Re3 Rae8 20. Rh3 Kh8 21. Kh1 Rg8 22. Bf3 Rg7 23. Ne2 Rge7 24. Bh5 Rg8 25. Bf3 Be8 26. Ng3 Bg7 27. Rd1 Bg6 28. Bh5 Rge8 29. Bxg6 Qxg6 30. Rh5 Qg4 31. Rf1 Re1 32. Rg5 Qf3+ 33. Qg2 Rxf1+ 34. Nxf1 Qxg2+ 35. Kxg2 Bxd4 36. Kf3 Re1 37. Ng3 Re3+ 38. Kg2 Bxb2 39. Nxf5 Re6 40. Kf3 a6 41. Rg2 Bc3 42. Rc2 Bb4 43. Rb2 a5 44. Rb3 Rf6 45. Kg4 b6 46. Re3 Rg6+ 47. Kf3 d5 48. cxd5 cxd5 49. Rd3 Kg8 50. Rxd5 Kf7 51. Nd4 Bc5 52. Nb3 Bb4 53. Rd7+ Kg8 54. Nd4 Bc5 55. Nf5 h5 56. Rd8+ Kh7 57. Rd7+ Kg8 58. Rd8+ Kh7 1/2-1/2

[Event "Adelaide Lidums IM"]
[Site "Adelaide"]
[Date "2017.12.02"]
[Round "1"]
[White "Chan, Luis"]
[Black "Loh, Zachary"]
[Result "1-0"]
[WhiteElo "2217"]
[BlackElo "2218"]
[PlyCount "69"]
[EventDate "2017.12.02"]
[EventType "tourn"]
[EventRounds "9"]
[EventCountry "AUS"]
[EventCategory "1"]
[SourceTitle "CBM 182 Extra"]
[Source "ChessBase"]
[SourceDate "2018.02.23"]
[SourceVersion "1"]
[SourceVersionDate "2018.02.23"]
[SourceQuality "1"]

1. d4 Nf6 2. c4 g6 3. Nc3 Bg7 4. e4 d6 5. h3 0-0 6. Bg5 c5 7. d5 h6 8. Be3 e6 9. Qd2 exd5 10. exd5 Re8 11. Bd3 b5 12. cxb5 Bb7 13. Nge2 Kh7 14. Bf4 Nbd7 15. Bxd6 Ne5 16. Bxe5 Rxe5 17. f4 Re7 18. Rd1 Qd6 19. 0-0 Nxd5 20. Bc4 Rd8 21. Bxd5 Bxd5 22. Nxd5 Qe6 23. Nec3 Bd4+ 24. Kh1 Rxd5 25. Nxd5 Qxd5 26. b4 Qc4 27. bxc5 Bxc5 28. Qd5 Qb4 29. f5 g5 30. f6 Re6 31. Rc1 Bd6 32. Rc4 Qa3 33. Rc8 Bf8 34. Rc7 Kg8 35. Qd7 1-0

[Event "Lienz op 19th"]
[Site "Lienz"]
[Date "2017.02.15"]
[Round "6"]
[White "Hauge, Lars Oskar"]
[Black "Loh, Zachary"]
[Result "1-0"]
[WhiteElo "2450"]
[BlackElo "2248"]
[PlyCount "43"]
[EventDate "2017.02.11"]
[EventType "swiss"]
[EventRounds "9"]
[EventCountry "AUT"]
[SourceTitle "CBM 176 Extra"]
[Source "ChessBase"]
[SourceDate "2017.03.02"]
[SourceVersion "1"]
[SourceVersionDate "2017.03.02"]
[SourceQuality "1"]

1. d4 Nf6 2. Nc3 d5 3. Bf4 e6 4. e3 a6 5. g4 Bb4 6. Bd3 c5 7. g5 Ne4 8. Bxe4 dxe4 9. dxc5 Bxc3+ 10. bxc3 Qd5 11. Qxd5 exd5 12. Ne2 Bg4 13. Rb1 Nd7 14. Bd6 Rc8 15. Rxb7 Nxc5 16. Re7+ Kd8 17. Nd4 Ne6 18. Rxf7 Nxd4 19. cxd4 Bf3 20. 0-0 Rxc2 21. Rb1 Bg4 22. Rxg7 1-0

[Event "Gibraltar Masters 15th"]
[Site "Caleta"]
[Date "2017.01.31"]
[Round "8"]
[White "Loh, Zachary"]
[Black "Womacka, Mathias"]
[Result "0-1"]
[WhiteElo "2291"]
[BlackElo "2435"]
[PlyCount "76"]
[EventDate "2017.01.24"]
[EventType "swiss"]
[EventRounds "10"]
[EventCountry "GGB"]
[SourceTitle "CBM 177"]
[Source "ChessBase"]
[SourceDate "2017.03.16"]
[SourceVersion "1"]
[SourceVersionDate "2017.03.16"]
[SourceQuality "1"]

1. e4 c5 2. d4 cxd4 3. c3 dxc3 4. Nxc3 Nc6 5. Bc4 d6 6. Nf3 a6 7. 0-0 Nf6 8. Bf4 e6 9. Qe2 Nh5 10. Be3 Be7 11. Rfd1 Bd7 12. e5 dxe5 13. Na4 Nf4 14. Qd2 Nd5 15. Bxd5 exd5 16. Bb6 Qc8 17. Qxd5 Be6 18. Qe4 0-0 19. Rac1 Bf5 20. Qe3 Qe6 21. Bc5 Rad8 22. Re1 f6 23. b3 Nb4 24. Nh4 Nc2 25. Qg3 Nxe1 26. Bxe7 Qxe7 27. Nxf5 Qd7 28. Qg4 g6 29. Nh6+ Kg7 30. Nc5 Qd2 31. Ne6+ Kh8 32. Qc4 Nd3 33. Nf7+ Rxf7 34. Nxd8 Nxc1 35. Nxf7+ Kg7 36. h3 Nxa2 37. Qe6 Nc3 38. Nd6 Ne2+ 0-1

[Event "Adelaide Lidums IM"]
[Site "Adelaide"]
[Date "2016.12.09"]
[Round "9"]
[White "Loh, Zachary"]
[Black "Demuth, Adrien"]
[Result "0-1"]
[WhiteElo "2340"]
[BlackElo "2546"]
[PlyCount "40"]
[EventDate "2016.12.03"]
[EventType "tourn"]
[EventRounds "9"]
[EventCountry "AUS"]
[EventCategory "6"]
[SourceTitle "CBM 176 Extra"]
[Source "ChessBase"]
[SourceDate "2017.03.02"]
[SourceVersion "1"]
[SourceVersionDate "2017.03.02"]
[SourceQuality "1"]

1. e4 c5 2. d4 cxd4 3. c3 dxc3 4. Nxc3 Nc6 5. Nf3 d6 6. Bc4 a6 7. 0-0 Nf6 8. Qe2 Bg4 9. Rd1 e6 10. Bf4 Nh5 11. Be3 Ne5 12. Bb3 Bxf3 13. gxf3 Qh4 14. Ba4+ Ke7 15. Rxd6 Kxd6 16. Qd2+ Kc7 17. Nd5+ Kb8 18. Qa5 exd5 19. Qxd5 Nxf3+ 20. Kf1 Nf4 0-1

[Event "Adelaide Lidums IM"]
[Site "Adelaide"]
[Date "2016.12.08"]
[Round "8"]
[White "Brown, Andrew"]
[Black "Loh, Zachary"]
[Result "1-0"]
[WhiteElo "2232"]
[BlackElo "2340"]
[PlyCount "59"]
[EventDate "2016.12.03"]
[EventType "tourn"]
[EventRounds "9"]
[EventCountry "AUS"]
[EventCategory "6"]
[SourceTitle "CBM 176 Extra"]
[Source "ChessBase"]
[SourceDate "2017.03.02"]
[SourceVersion "1"]
[SourceVersionDate "2017.03.02"]
[SourceQuality "1"]

1. d4 Nf6 2. c4 c5 3. d5 b5 4. cxb5 a6 5. e3 g6 6. Nc3 Bg7 7. Nf3 0-0 8. a4 Bb7 9. e4 e6 10. h3 exd5 11. bxa6 Nxa6 12. exd5 Nb4 13. Bc4 Re8+ 14. Be3 Ne4 15. 0-0 d6 16. Qb3 Qf6 17. Bd4 cxd4 18. Nxe4 Rxe4 19. Qxb4 Bc8 20. Rfe1 Rxe1+ 21. Nxe1 Bh6 22. a5 Qh4 23. Qxd6 Be3 24. g3 Qe4 25. fxe3 Qxe3+ 26. Kh2 Qd2+ 27. Ng2 Qc2 28. Qc6 Rb8 29. Qe8+ Kg7 30. Qe5+ 1-0

[Event "Adelaide Lidums IM"]
[Site "Adelaide"]
[Date "2016.12.07"]
[Round "7"]
[White "Loh, Zachary"]
[Black "Yeoh, Li Tian"]
[Result "0-1"]
[WhiteElo "2340"]
[BlackElo "2432"]
[PlyCount "50"]
[EventDate "2016.12.03"]
[EventType "tourn"]
[EventRounds "9"]
[EventCountry "AUS"]
[EventCategory "6"]
[SourceTitle "CBM 176 Extra"]
[Source "ChessBase"]
[SourceDate "2017.03.02"]
[SourceVersion "1"]
[SourceVersionDate "2017.03.02"]
[SourceQuality "1"]

1. e4 e5 2. Nc3 Nf6 3. Bc4 Nc6 4. d3 Na5 5. Nge2 d6 6. 0-0 Be7 7. a4 Nxc4 8. dxc4 0-0 9. Qd3 c6 10. b3 Be6 11. Bb2 Qa5 12. Ng3 Rad8 13. Nf5 Bxf5 14. exf5 d5 15. cxd5 cxd5 16. Nb5 a6 17. Nc3 Rfe8 18. Rad1 Qc7 19. Kh1 e4 20. Qh3 d4 21. Nb1 Bc5 22. Rfe1 Qf4 23. Re2 Ng4 24. Qg3 Qxg3 25. hxg3 d3 0-1

[Event "AUS-ch"]
[Site "Melbourne"]
[Date "2016.01.12"]
[Round "11"]
[White "Loh, Zachary"]
[Black "Dale, Ari"]
[Result "1/2-1/2"]
[WhiteElo "2220"]
[BlackElo "2310"]
[PlyCount "27"]
[EventDate "2016.01.02"]
[EventType "swiss"]
[EventRounds "11"]
[EventCountry "AUS"]
[SourceTitle "CBM 170 Extra"]
[Source "ChessBase"]
[SourceDate "2016.02.25"]
[SourceVersion "1"]
[SourceVersionDate "2016.02.25"]
[SourceQuality "1"]

1. e4 Nf6 2. Nc3 d5 3. e5 d4 4. exf6 dxc3 5. fxg7 cxd2+ 6. Qxd2 Qxd2+ 7. Bxd2 Bxg7 8. 0-0-0 Nc6 9. Nf3 Bg4 10. Be2 0-0-0 11. Be3 h6 12. Rxd8+ Rxd8 13. Rd1 Rxd1+ 14. Bxd1 1/2-1/2

[Event "AUS-ch"]
[Site "Melbourne"]
[Date "2016.01.04"]
[Round "4"]
[White "Ikeda, Junta"]
[Black "Loh, Zachary"]
[Result "1/2-1/2"]
[WhiteElo "2390"]
[BlackElo "2220"]
[PlyCount "119"]
[EventDate "2016.01.02"]
[EventType "swiss"]
[EventRounds "11"]
[EventCountry "AUS"]
[SourceTitle "CBM 170 Extra"]
[Source "ChessBase"]
[SourceDate "2016.02.25"]
[SourceVersion "1"]
[SourceVersionDate "2016.02.25"]
[SourceQuality "1"]

1. Nf3 Nf6 2. c4 c5 3. Nc3 Nc6 4. e3 e5 5. d4 e4 6. Ne5 g6 7. Be2 Bg7 8. 0-0 0-0 9. Nxc6 dxc6 10. dxc5 Qa5 11. Na4 Rd8 12. Qc2 Ng4 13. h3 Ne5 14. Rb1 h5 15. b4 Qc7 16. Nc3 f5 17. Nd1 Be6 18. Nb2 Qe7 19. Bd2 Qh4 20. Rfd1 Rf8 21. Be1 Qg5 22. Kh1 f4 23. exf4 Qxf4 24. Rd6 Nf3 25. g3 Qf5 26. Bf1 e3 27. Qxf5 Bxf5 28. Nd3 exf2 29. Bxf2 Nd2 30. Rd1 Nxc4 31. Kg1 Nxd6 32. cxd6 Rfd8 33. Nc5 b6 34. Bc4+ Kh7 35. Ne6 Bxe6 36. Bxe6 Be5 37. d7 Rf8 38. h4 Bc7 39. Bh3 a5 40. Re1 Bd8 41. bxa5 Rxa5 42. Re8 Rxf2 43. Kxf2 Rxa2+ 44. Kf1 Ra8 45. Bg2 Rb8 46. Bxc6 Kg7 47. Bb5 Kf6 48. Ke2 Ra8 49. Kf3 Rb8 50. Ke4 Kf7 51. Kd5 Kf6 52. Kd6 Kf5 53. Ba6 b5 54. Bxb5 Kg4 55. Re4+ Kxg3 56. Bd3 Rb6+ 57. Kd5 Bc7 58. Re6 Rxe6 59. Kxe6 Kxh4 60. Bxg6 1/2-1/2

[Event "AUS-ch"]
[Site "Melbourne"]
[Date "2016.01.03"]
[Round "2"]
[White "Illingworth, Max"]
[Black "Loh, Zachary"]
[Result "0-1"]
[WhiteElo "2517"]
[BlackElo "2220"]
[PlyCount "90"]
[EventDate "2016.01.02"]
[EventType "swiss"]
[EventRounds "11"]
[EventCountry "AUS"]
[SourceTitle "CBM 170 Extra"]
[Source "ChessBase"]
[SourceDate "2016.02.25"]
[SourceVersion "1"]
[SourceVersionDate "2016.02.25"]
[SourceQuality "1"]

1. d4 Nf6 2. c4 e6 3. Nf3 c5 4. e3 b6 5. Nc3 Bb7 6. d5 exd5 7. cxd5 d6 8. Be2 g6 9. 0-0 Bg7 10. e4 0-0 11. Nd2 a6 12. a4 Nbd7 13. Qc2 Re8 14. Nc4 Ne5 15. Ne3 Qc7 16. Bd2 Rab8 17. Rab1 Bc8 18. h3 Qe7 19. f4 Ned7 20. Bf3 b5 21. axb5 axb5 22. b4 h5 23. Rfe1 Ba6 24. Ned1 cxb4 25. Rxb4 Rec8 26. Qa2 Nc5 27. Nf2 Nfd7 28. Ne2 Ra8 29. Nd4 Bb7 30. Qb1 Na6 31. Rxb5 Bxd4 32. Rxb7 Nac5 33. Rb4 Qf6 34. g3 Ra3 35. Kg2 Bxf2 36. Kxf2 Nd3+ 37. Ke2 Nxe1 38. Bxe1 Rca8 39. Rb2 Qd4 40. Bd2 Qc4+ 41. Kf2 Ra1 42. Qc2 Qf1+ 43. Ke3 R8a3+ 44. Rb3 Nc5 45. Rc3 R1a2 0-1

[Event "Oceania zt"]
[Site "Cammeray"]
[Date "2015.07.10"]
[Round "9"]
[White "Loh, Zachary"]
[Black "Smith, Robert Wayne"]
[Result "1-0"]
[WhiteElo "2177"]
[BlackElo "2251"]
[PlyCount "95"]
[EventDate "2015.07.04"]
[EventType "swiss"]
[EventRounds "9"]
[EventCountry "AUS"]
[SourceTitle "CBM 167 Extra"]
[Source "ChessBase"]
[SourceDate "2015.09.14"]
[SourceVersion "1"]
[SourceVersionDate "2015.09.14"]
[SourceQuality "1"]

1. e4 c5 2. d4 cxd4 3. c3 g6 4. cxd4 d5 5. exd5 Nf6 6. Nc3 Bg7 7. Nf3 0-0 8. Bc4 Nbd7 9. 0-0 Nb6 10. Bb3 Nbxd5 11. Qe2 b6 12. Re1 e6 13. Bd2 Bb7 14. Rac1 Rc8 15. a3 a6 16. Ne5 Qd6 17. f3 Nxc3 18. Bxc3 Nd5 19. Bd2 Rxc1 20. Rxc1 Rc8 21. Rxc8+ Bxc8 22. Kh1 Bb7 23. h3 Nc7 24. Qe3 Nb5 25. Qf4 Qc7 26. Be3 Qe7 27. Nc4 Qd8 28. a4 Na7 29. Nd6 Qe7 30. Nxb7 Qxb7 31. d5 exd5 32. Qd6 Bf8 33. Bxd5 Bxd6 34. Bxb7 Bc5 35. Bxc5 bxc5 36. Bxa6 Nc6 37. Kg1 Kf8 38. Kf2 Ke7 39. Bb5 Na5 40. Ke3 Kd6 41. Kf4 f6 42. h4 h6 43. h5 gxh5 44. Kf5 Ke7 45. Kg6 Ke6 46. Kxh5 f5 47. Kxh6 Kf6 48. g4 1-0

[Event "Oceania zt"]
[Site "Cammeray"]
[Date "2015.07.06"]
[Round "4"]
[White "Bjelobrk, Igor"]
[Black "Loh, Zachary"]
[Result "1/2-1/2"]
[WhiteElo "2377"]
[BlackElo "2177"]
[PlyCount "137"]
[EventDate "2015.07.04"]
[EventType "swiss"]
[EventRounds "9"]
[EventCountry "AUS"]
[SourceTitle "CBM 167 Extra"]
[Source "ChessBase"]
[SourceDate "2015.09.14"]
[SourceVersion "1"]
[SourceVersionDate "2015.09.14"]
[SourceQuality "1"]

1. Nf3 Nf6 2. c4 c5 3. Nc3 d5 4. cxd5 Nxd5 5. e3 Nc6 6. Bb5 Nxc3 7. bxc3 Qc7 8. 0-0 e6 9. d4 Be7 10. a4 0-0 11. Ba3 a6 12. Bd3 Rd8 13. Qc2 h6 14. Rfb1 cxd4 15. cxd4 Bxa3 16. Rxa3 Qe7 17. Qb2 a5 18. Be4 Bd7 19. Nd2 Nb4 20. Nc4 Bc6 21. Bxc6 bxc6 22. Nxa5 Rxa5 23. Qxb4 Qxb4 24. Rxb4 c5 25. Rc4 e5 26. Kf1 cxd4 27. exd4 exd4 28. Ke2 Rb8 29. Rxd4 Rb2+ 30. Ke3 f5 31. h4 Re5+ 32. Kf4 Ra5 33. Kg3 Kh7 34. f4 Kg6 35. Kh2 Rb7 36. Rd6+ Kh7 37. h5 Rb4 38. Kg3 Rc4 39. Re6 Raxa4 40. Rxa4 Rxa4 41. Re5 g5 42. Rxf5 gxf4+ 43. Rxf4 Ra5 44. Kh4 Ra2 45. g4 Ra3 46. Rf7+ Kg8 47. Rb7 Rc3 48. Rb1 Kg7 49. Rg1 Kf6 50. Rg3 Rc4 51. Rd3 Kg7 52. Kg3 Ra4 53. Kf3 Rb4 54. Rd7+ Kg8 55. Re7 Rb1 56. Rd7 Rf1+ 57. Ke4 Rf2 58. Ke5 Rf1 59. Rd5 Kg7 60. Rd7+ Kg8 61. Rd6 Kg7 62. Rg6+ Kh7 63. Rf6 Re1+ 64. Kf5 Rf1+ 65. Ke6 Rg1 66. Rf7+ Kg8 67. Rf4 Kg7 68. Kf5 Ra1 69. Ke4 1/2-1/2

[Event "Victoria-ch"]
[Site "Melbourne"]
[Date "2014.06.21"]
[Round "10"]
[White "Loh, Zachary"]
[Black "Hacche, David"]
[Result "1/2-1/2"]
[WhiteElo "2044"]
[BlackElo "2023"]
[PlyCount "72"]
[EventDate "2014.05.06"]
[EventType "tourn"]
[EventRounds "11"]
[EventCountry "AUS"]
[SourceTitle "EXT 2015"]
[Source "ChessBase"]
[SourceDate "2014.11.20"]
[SourceVersion "1"]
[SourceVersionDate "2014.11.20"]
[SourceQuality "1"]

1. d4 c5 2. d5 e5 3. c4 d6 4. Nc3 g6 5. e4 Bg7 6. Be2 a6 7. Be3 Ne7 8. f3 f5 9. a3 Nd7 10. Qd2 0-0 11. g4 f4 12. Bf2 Rf7 13. h4 h6 14. b4 b6 15. Bd1 Qc7 16. Qd3 Nf8 17. Rb1 Bd7 18. Nge2 Nh7 19. Kd2 Rff8 20. Rb2 Rfb8 21. Bc2 Ra7 22. Rhb1 Rab7 23. Nd1 Nc8 24. Qb3 Kh8 25. Ndc3 b5 26. cxb5 axb5 27. Ke1 Nf6 28. Rd1 c4 29. Qa2 Ra8 30. Bb1 Nb6 31. Qa1 Qd8 32. Kd2 Rba7 33. Ra2 Ra6 34. Rg1 Ne8 35. Qb2 Nc7 36. Bc2 Bf6 1/2-1/2

[Event "Victoria-ch"]
[Site "Melbourne"]
[Date "2014.06.12"]
[Round "8"]
[White "Loh, Zachary"]
[Black "Morris, James"]
[Result "0-1"]
[WhiteElo "2044"]
[BlackElo "2364"]
[PlyCount "118"]
[EventDate "2014.05.06"]
[EventType "tourn"]
[EventRounds "11"]
[EventCountry "AUS"]
[SourceTitle "EXT 2015"]
[Source "ChessBase"]
[SourceDate "2014.11.20"]
[SourceVersion "1"]
[SourceVersionDate "2014.11.20"]
[SourceQuality "1"]

1. d4 Nf6 2. c4 e6 3. Nc3 Bb4 4. e3 0-0 5. Nge2 Re8 6. a3 Bf8 7. Ng3 c5 8. d5 exd5 9. cxd5 d6 10. Bd3 Na6 11. 0-0 Nc7 12. e4 Rb8 13. a4 b6 14. Re1 a6 15. Bf4 b5 16. axb5 axb5 17. e5 dxe5 18. Bxe5 b4 19. Bxc7 Rxe1+ 20. Qxe1 Qxc7 21. Nce4 Nxd5 22. Rc1 Qe5 23. Qd1 Be6 24. Nxc5 Ne3 25. Qh5 Qxh5 26. Nxh5 Bxc5 27. Rxc5 Nd1 28. Rc2 g6 29. Nf6+ Kg7 30. Ne4 Ra8 31. Kf1 Ra2 32. Rd2 Nxb2 33. Bb1 b3 34. Nc3 Nc4 35. Rxa2 bxa2 36. Bxa2 Kf6 37. Ke2 Ke5 38. Bxc4 Bxc4+ 39. Ke3 g5 40. g3 h6 41. f4+ gxf4+ 42. gxf4+ Kf5 43. Ne4 Bd5 44. Nd6+ Kg4 45. Kd4 Bb3 46. Ke5 h5 47. Ne4 h4 48. Ng5 Ba2 49. h3+ Kg3 50. Kf5 Bc4 51. Ke5 Bb3 52. f5 Ba2 53. f6 Bb3 54. Kf5 Bc2+ 55. Ke5 Bg6 56. Ne4+ Kxh3 57. Nf2+ Kg3 58. Nh1+ Kg2 59. Kf4 Kxh1 0-1

[Event "Victoria-ch"]
[Site "Melbourne"]
[Date "2014.05.15"]
[Round "3"]
[White "Dragicevic, Domagoj"]
[Black "Loh, Zachary"]
[Result "1-0"]
[WhiteElo "2235"]
[BlackElo "2044"]
[PlyCount "153"]
[EventDate "2014.05.06"]
[EventType "tourn"]
[EventRounds "11"]
[EventCountry "AUS"]
[SourceTitle "EXT 2015"]
[Source "ChessBase"]
[SourceDate "2014.11.20"]
[SourceVersion "1"]
[SourceVersionDate "2014.11.20"]
[SourceQuality "1"]

1. e4 c5 2. Nf3 d6 3. c3 Nf6 4. h3 g6 5. Bd3 Bg7 6. Bc2 0-0 7. 0-0 e5 8. d4 cxd4 9. cxd4 Nc6 10. d5 Ne7 11. Nc3 Nh5 12. Bd2 Nf4 13. Ne2 Nxe2+ 14. Qxe2 f5 15. Rac1 h6 16. Qc4 g5 17. exf5 Bxf5 18. Be4 Qd7 19. Rfe1 Rac8 20. Bxf5 Qxf5 21. Qb4 Rxc1 22. Bxc1 Nxd5 23. Qxb7 e4 24. g4 Qxf3 25. Qxd5+ Kh8 26. Be3 Be5 27. Bd4 Qf4 28. Bxe5+ dxe5 29. Qc5 Rf7 30. Qe3 Rb7 31. Qxe4 Qxe4 32. Rxe4 Rxb2 33. Ra4 Rb7 34. Kg2 Kg7 35. Kf3 Rf7+ 36. Ke3 h5 37. Ra5 hxg4 38. hxg4 Re7 39. Ke4 Kf6 40. f3 Rc7 41. Ra6+ Kg7 42. Kxe5 Rf7 43. Ke4 Rb7 44. Ra3 Kg6 45. Kd5 Rf7 46. Ra6+ Kg7 47. Ke4 Rb7 48. Kf5 Rb5+ 49. Ke6 Rb7 50. Rd6 Kg6 51. Ra6 Rf7 52. Ke5+ Kg7 53. Ke4 Rb7 54. a4 Rc7 55. Ke3 Re7+ 56. Kf2 Rc7 57. f4 gxf4 58. Kf3 Rf7 59. Re6 Kh7 60. Re4 Kg6 61. Rxf4 Rb7 62. Rc4 Kg5 63. Rc5+ Kg6 64. a5 Kf6 65. Kg3 Kg6 66. Rd5 Kf6 67. Kf4 Rb4+ 68. Kf3 Ke6 69. Rh5 Ra4 70. Rh6+ Ke5 71. Kg3 Ra1 72. Ra6 Rg1+ 73. Kh4 Kf4 74. Rf6+ Ke5 75. Rf7 a6 76. Kg5 Ra1 77. Rf6 1-0